000 00661nam a22002537a 4500
003 UA-OsUOA
001 26531
007 ta
008 20040607b un ||||| |||| 00| 0 ukr d
100 _aЛатыш И.К.
090 _a546.57:549.282:550.4
_bЛ27
942 _cBK
040 _aUA-OsUOA
_brus
_cUA-OsUOA
_dUA-OsUOA
245 _aСеребро в природе. Геохимия и минералогия
300 _a136 с.
_bІлюстрації
955 _a0
041 _arus
080 _a546.57:549.282:550.4
020 _a966-505-115-6
260 _aКиев
_b"АртЭк"
_c1997
044 _aRU
650 7 _2UDC
999 _c312856
_d312856